[Event "Mumbai Wealth op U13 4th"]
[Site "Mumbai"]
[Date "2019.01.02"]
[Round "4"]
[White "Shah, Vrisha Parag"]
[Black "Athalye, Varad"]
[Result "0-1"]
[WhiteElo "1240"]
[BlackElo "1442"]
[PlyCount "110"]
[EventDate "2018.12.30"]
[EventType "swiss"]
[EventRounds "9"]
[EventCountry "IND"]
[SourceTitle "CBM 188 Extra"]
[Source "ChessBase"]
[SourceDate "2019.02.26"]
[SourceVersion "1"]
[SourceVersionDate "2019.02.26"]
[SourceQuality "1"]

1. e4 c5 2. Nf3 e6 3. d4 cxd4 4. Nxd4 a6 5. c4 Nf6 6. Bd3 Qc7 7. Nc3 Nc6 8. Nxc6 bxc6 9. Be3 Bb7 10. f3 Be7 11. Qd2 0-0 12. Bf4 e5 13. Bg5 Rad8 14. Bxf6 Bxf6 15. h4 Kh8 16. g4 d5 17. cxd5 cxd5 18. g5 Be7 19. Rc1 Qd7 20. exd5 Bxd5 21. Bxa6 Bxf3 22. Qxd7 Rxd7 23. Rf1 e4 24. Be2 h6 25. Bxf3 exf3 26. Rxf3 hxg5 27. hxg5 Bxg5 28. Rc2 Re8+ 29. Kf1 Kg8 30. Rf5 Bf6 31. Nd5 Bh4 32. Re2 Rxe2 33. Kxe2 g6 34. Nf6+ Bxf6 35. Rxf6 Rc7 36. Rd6 g5 37. Kd2 Kg7 38. a4 g4 39. Rd4 f5 40. b4 Kg6 41. a5 g3 42. Ke2 Kg5 43. Kf3 Rc3+ 44. Kg2 f4 45. Rd8 Rb3 46. Rg8+ Kf5 47. Rf8+ Ke5 48. Re8+ Kd6 49. Re4 Rb2+ 50. Kf1 f3 51. Rd4+ Ke5 52. Rd1 Kf4 53. a6 g2+ 54. Kg1 Kg3 55. a7 f2# 0-1